| 000 | 01039nam a22002657a 4500 | ||
|---|---|---|---|
| 005 | 20240530110451.0 | ||
| 008 | 150511s2011 ua g b 000 0 ara d | ||
| 017 |
_a2011/19357 _bمصر . دار الكتب المصرية |
||
| 020 | _a9789774312387 | ||
| 040 | _aEG-CaGPL | ||
| 082 | 0 | 4 |
_221 _a378.103\ _bط ج |
| 100 | 0 | _aطارق عبدالروؤف عامر | |
| 245 | 1 | 2 |
_aالجامعة و خدمة المجتمع توجهات عالمية معاصرة / _cتاليف طارق عبدالروؤف عامر |
| 250 | _aط1 | ||
| 260 |
_aالقاهرة : _bمؤسسة طيبة للنشر و التوزيع ، _c2011 . |
||
| 300 |
_a257 ص ؛ _c24 سم . |
||
| 504 | _aيشتمل على ارجاعات ببليوجرافية | ||
| 650 | 0 | 4 | _aالجامعات و الكليات |
| 650 | 0 | 4 | _aالخدمة الاجتماعية |
| 650 | 0 | 4 |
_aالجامعة _xالمجتمع |
| 650 | 0 | 4 |
_aالجامعة _zمصر |
| 650 | 0 | 4 |
_aالجامعة _zدول الخليج |
| 942 |
_2ddc _cBK |
||
| 999 |
_c61253 _d61253 |
||